MARC

LEADER 00000cam a2200000 7i4500
001 0000025609
005 20141002.0
008 260914 xxu# may
020 |a 9789673691289 ,   |c RM30.00 
040 |a INS 
090 0 0 |a UB271.U62   |b P47 2004 
100 1 |a Perkins, John, 1945- 
245 1 0 |a Rahsia pembunuh ekonomi dunia   |c John Perkins   |f penterjemah : Ab. Rahman Ahmad 
260 |a Batu Caves, Selangor :   |b PTS Professional publishing ,   |c 2004 
300 |a xxvi,308ms ;   |c 22cm. 
500 |a Judul asal : Confessions of an economic hit man 
500 |a New York Times bestseller 
504 |a Mengendungi rujukan bibliografi 
600 1 0 |a Perkins, John 
610 1 0 |a United States. .   |b National Security Agency   |v Biography 
610 2 0 |a Chas, T Man Inc. 
610 2 0 |a World Bank   |z Developing countries 
650 0 |a Corporations, American   |x Corrupt practices 
650 0 |a Corporations, American   |z Foreign countries 
650 0 |a Economists   |z United States   |v Biography 
650 0 |a Energy consultants   |z United States   |v Biography 
650 0 |a Imperialism   |x History   |y 20tn century 
650 0 |a Imperialism   |x History   |y 21tn century 
710 1 |a Ab. Rahman Ahmad 
999 |a 1000002019   |b BOOK   |c Open Shelf   |e Default branch